| 000 | 00702nam a22001577a 4500 | ||
|---|---|---|---|
| 003 | OSt | ||
| 005 | 20151210094820.0 | ||
| 008 | 151210b xxu||||| |||| 00| 0 eng d | ||
| 040 | _cRUA | ||
| 082 | _aATM KEA 2010 B197 Or.1 | ||
| 100 |
_94635 _aKEAT, BORAVY. |
||
| 245 | _athe study on agricultural extension program of ecosorn project in bavel district, battambang province (ការសិក្សាពីកម្មវិធីផ្សព្វផ្សាយកសិកម្មរបស់គម្រោងអេកូសន នៅស្រុកបវេល ខេត្តបាត់តំបង) | ||
| 260 |
_aPhnom Penh _bRUA _c2010 |
||
| 300 |
_ax, 56p. _bill. _c29cm. |
||
| 942 |
_2ddc _cATM |
||
| 999 |
_c4318 _d4318 |
||